Statistics for U.S. Geography True or False #1

Click here to take the quiz!

General Stats

  • This quiz has been taken 23,871 times
  • The average score is 11 of 15

Answer Stats

QuestionAnswer% Correct
The Great Salt Lake is one of the Great LakesFalse
96%
Colorado borders UtahTrue
91%
Most of the land in Nevada is owned by the federal governmentTrue
86%
Indiana borders one of the Great LakesTrue
79%
There are no active volcanoes in the U.S. east of the Mississippi RiverTrue
76%
If you sail due east from Boston, the first land you hit would be Great BritainFalse
74%
Oakland is a suburb of Los AngelesFalse
73%
There are no deserts in the U.S. east of the Mississippi RiverTrue
72%
St. Louis is west of the Mississippi RiverTrue
69%
Hollywood is the name of a city in CaliforniaFalse
66%
Detroit is connected via bridge to CanadaTrue
65%
More than 1/3rd of people in Louisiana speak French as a first languageFalse
63%
It is possible to see Russian territory from the suburbs of AnchorageFalse
62%
Parts of Maine are further north than parts of AlaskaFalse
53%
The state of New York has a higher population than FloridaFalse
51%

Score Distribution

Percentile by Number Answered

Percent of People with Each Score

Your Score History

You have not taken this quiz